[Event "DVM U10 2020"]
[Site "Magdeburg GER"]
[Date "2021.08.08"]
[Round "6"]
[White "Bickerich, Philipp"]
[Black "Schube, Theresa"]
[Result "1/2-1/2"]
[Termination "normal"]
[Board "4.3"]
[WhiteElo "1161"]
[BlackElo "1264"]
[WhiteClock "00:21:30"]
[BlackClock "00:27:54"]
[WhiteTeam "SV Königsjäger Süd-West e.V."]
[BlackTeam "SV Werder Bremen"]
[PlyCount "76"]
[WhiteFideId "34604995"]
[BlackFideId "34608800"]
[EventCountry "GER"]
[EventRounds "7"]
[EventType "team-swiss"]
[EventDate "2021.08.06"]

1. e4 {[%clk 00:55:08]} {[%emt 00:00:03]} e5 {[%clk 00:54:59]} {[%emt
00:00:11]} 2. Nf3 {[%clk 00:55:08]} {[%emt 00:00:05]} Nc6 {[%clk 00:54:51]}
{[%emt 00:00:13]} 3. Bc4 {[%clk 00:55:03]} {[%emt 00:00:09]} Bc5 {[%clk
00:54:47]} {[%emt 00:00:09]} 4. c3 {[%clk 00:54:58]} {[%emt 00:00:11]} Nf6
{[%clk 00:54:46]} {[%emt 00:00:06]} 5. d4 {[%clk 00:54:57]} {[%emt 00:00:06]}
exd4 {[%clk 00:54:47]} {[%emt 00:00:04]} 6. cxd4 {[%clk 00:54:55]} {[%emt
00:00:07]} Bb4+ {[%clk 00:54:47]} {[%emt 00:00:05]} 7. Bd2 {[%clk 00:54:52]}
{[%emt 00:00:07]} Bxd2+ {[%clk 00:54:45]} {[%emt 00:00:07]} 8. Nbxd2 {[%clk
00:54:21]} {[%emt 00:00:37]} d5 {[%clk 00:54:39]} {[%emt 00:00:10]} 9. exd5
{[%clk 00:53:55]} {[%emt 00:00:32]} Nxd5 {[%clk 00:54:28]} {[%emt 00:00:15]}
10. O-O {[%clk 00:53:44]} {[%emt 00:00:16]} O-O {[%clk 00:54:00]} {[%emt
00:00:34]} 11. Re1 {[%clk 00:53:26]} {[%emt 00:00:23]} Nb6 {[%clk 00:53:19]}
{[%emt 00:00:46]} 12. Re4 {[%clk 00:48:06]} {[%emt 00:05:25]} Nxc4 {[%clk
00:49:02]} {[%emt 00:04:20]} 13. Nxc4 {[%clk 00:48:05]} {[%emt 00:00:08]} Qd5
{[%clk 00:48:45]} {[%emt 00:00:22]} 14. Qe2 {[%clk 00:46:39]} {[%emt 00:01:31]}
Be6 {[%clk 00:46:46]} {[%emt 00:02:04]} 15. Nce5 {[%clk 00:43:11]} {[%emt
00:03:34]} Bf5 {[%clk 00:42:37]} {[%emt 00:04:13]} 16. Nxc6 {[%clk 00:42:49]}
{[%emt 00:00:27]} Qxc6 {[%clk 00:41:28]} {[%emt 00:01:13]} 17. Re5 {[%clk
00:40:22]} {[%emt 00:02:33]} Bg4 {[%clk 00:40:42]} {[%emt 00:00:52]} 18. Rc5
{[%clk 00:39:32]} {[%emt 00:00:55]} Bxf3 {[%clk 00:40:21]} {[%emt 00:00:25]}
19. Qxf3 {[%clk 00:37:41]} {[%emt 00:01:57]} Qxf3 {[%clk 00:40:05]} {[%emt
00:00:21]} 20. gxf3 {[%clk 00:37:42]} {[%emt 00:00:04]} c6 {[%clk 00:39:15]}
{[%emt 00:00:55]} 21. Re1 {[%clk 00:37:31]} {[%emt 00:00:16]} Rfe8 {[%clk
00:39:03]} {[%emt 00:00:16]} 22. Rce5 {[%clk 00:36:41]} {[%emt 00:00:57]} Kf8
{[%clk 00:38:48]} {[%emt 00:00:19]} 23. f4 {[%clk 00:36:15]} {[%emt 00:00:31]}
f6 {[%clk 00:38:04]} {[%emt 00:00:50]} 24. R5e4 {[%clk 00:35:11]} {[%emt
00:01:09]} Rxe4 {[%clk 00:37:15]} {[%emt 00:00:52]} 25. Rxe4 {[%clk 00:35:06]}
{[%emt 00:00:10]} Re8 {[%clk 00:37:13]} {[%emt 00:00:07]} 26. f3 {[%clk
00:34:42]} {[%emt 00:00:30]} f5 {[%clk 00:36:21]} {[%emt 00:00:57]} 27. Re5
{[%clk 00:33:54]} {[%emt 00:00:53]} g6 {[%clk 00:36:18]} {[%emt 00:00:09]} 28.
h4 {[%clk 00:33:31]} {[%emt 00:00:27]} h5 {[%clk 00:35:59]} {[%emt 00:00:24]}
29. Kf2 {[%clk 00:32:43]} {[%emt 00:00:53]} Rd8 {[%clk 00:35:17]} {[%emt
00:00:46]} 30. Ke3 {[%clk 00:32:00]} {[%emt 00:00:49]} Rd5 {[%clk 00:35:05]}
{[%emt 00:00:17]} 31. Rxd5 {[%clk 00:31:11]} {[%emt 00:00:53]} cxd5 {[%clk
00:34:54]} {[%emt 00:00:16]} 32. Kd3 {[%clk 00:30:53]} {[%emt 00:00:24]} Ke7
{[%clk 00:34:03]} {[%emt 00:00:57]} 33. Kc3 {[%clk 00:30:46]} {[%emt 00:00:12]}
Kd6 {[%clk 00:33:15]} {[%emt 00:00:51]} 34. Kb4 {[%clk 00:30:31]} {[%emt
00:00:19]} Kc6 {[%clk 00:32:51]} {[%emt 00:00:30]} 35. a4 {[%clk 00:30:22]}
{[%emt 00:00:14]} Kb6 {[%clk 00:32:02]} {[%emt 00:00:55]} 36. a5+ {[%clk
00:30:08]} {[%emt 00:00:19]} Kc6 {[%clk 00:31:59]} {[%emt 00:00:08]} 37. Ka4
{[%clk 00:29:25]} {[%emt 00:00:47]} b6 {[%clk 00:30:06]} {[%emt 00:01:59]} 38.
b4 {[%clk 00:28:09]} {[%emt 00:01:21]} a6 {[%clk 00:29:28]} {[%emt 00:00:43]}
39. b5+ {[%clk 00:21:48]} {[%emt 00:06:27]} axb5+ {[%clk 00:28:39]} {[%emt
00:00:53]} 40. Kb4 {[%clk 00:21:43]} {[%emt 00:00:10]} bxa5+ {[%clk 00:27:54]}
{[%emt 00:00:49]} 41. Kxa5 {[%clk 00:21:32]} {[%emt 00:00:16]} b4 {[%clk
00:27:54]} {[%emt 00:00:06]} 42. Kxb4 {[%clk 00:21:30]} {[%emt 00:00:07]} Kb6
{[%emt 00:01:24]} 1/2-1/2

[Event "DVM U10 2020"]
[Site "Magdeburg GER"]
[Date "2021.08.08"]
[Round "6"]
[White "Marrufo, Adriana"]
[Black "Hafener, Arne"]
[Result "0-1"]
[Termination "normal"]
[Board "4.4"]
[WhiteElo "844"]
[BlackElo "1079"]
[WhiteClock "00:23:13"]
[BlackClock "00:06:17"]
[WhiteTeam "SV Werder Bremen"]
[BlackTeam "SV Königsjäger Süd-West e.V."]
[PlyCount "51"]
[WhiteFideId "34630252"]
[EventCountry "GER"]
[EventRounds "7"]
[EventType "team-swiss"]
[EventDate "2021.08.06"]

1. e4 {[%clk 00:55:08]} {[%emt 00:00:01]} e5 {[%clk 00:55:06]} {[%emt
00:00:05]} 2. Nf3 {[%clk 00:54:37]} {[%emt 00:00:35]} Nc6 {[%clk 00:55:00]}
{[%emt 00:00:12]} 3. Bc4 {[%clk 00:53:45]} {[%emt 00:00:56]} Bc5 {[%clk
00:54:52]} {[%emt 00:00:13]} 4. Nc3 {[%clk 00:53:19]} {[%emt 00:00:31]} d6
{[%clk 00:54:38]} {[%emt 00:00:20]} 5. h3 {[%clk 00:53:13]} {[%emt 00:00:09]}
Be6 {[%clk 00:54:25]} {[%emt 00:00:20]} 6. Bb3 {[%clk 00:53:02]} {[%emt
00:00:15]} Qd7 {[%clk 00:54:07]} {[%emt 00:00:23]} 7. Ng5 {[%clk 00:52:29]}
{[%emt 00:00:39]} O-O-O {[%clk 00:53:28]} {[%emt 00:00:44]} 8. O-O {[%clk
00:51:13]} {[%emt 00:01:20]} h6 {[%clk 00:53:20]} {[%emt 00:00:14]} 9. Nxe6
{[%clk 00:49:14]} {[%emt 00:02:02]} fxe6 {[%clk 00:53:12]} {[%emt 00:00:15]}
10. Ba4 {[%clk 00:48:23]} {[%emt 00:00:56]} Nge7 {[%clk 00:49:32]} {[%emt
00:03:44]} 11. Rb1 {[%clk 00:47:42]} {[%emt 00:00:45]} d5 {[%clk 00:47:50]}
{[%emt 00:01:48]} 12. b4 {[%emt 00:05:55]} Bb6 {[%clk 00:42:17]} 13. b5 {[%clk
00:46:57]} {[%emt 00:00:37]} Na5 {[%clk 00:39:58]} {[%emt 00:02:25]} 14. d3
{[%clk 00:46:32]} {[%emt 00:00:28]} g5 {[%clk 00:37:27]} {[%emt 00:02:37]} 15.
Be3 {[%clk 00:46:20]} {[%emt 00:00:17]} d4 {[%clk 00:37:04]} {[%emt 00:00:28]}
16. Bd2 {[%clk 00:44:47]} {[%emt 00:01:38]} dxc3 {[%clk 00:36:08]} {[%emt
00:01:02]} 17. Bxc3 {[%clk 00:44:03]} {[%emt 00:00:47]} Qd6 {[%clk 00:33:15]}
{[%emt 00:02:59]} 18. Qe1 {[%clk 00:43:45]} {[%emt 00:00:23]} Qd7 {[%clk
00:26:13]} {[%emt 00:07:08]} 19. Bxa5 {[%clk 00:43:30]} {[%emt 00:00:19]} h5
{[%clk 00:25:51]} {[%emt 00:00:27]} 20. Qc3 {[%clk 00:42:10]} {[%emt 00:01:26]}
Qd4 {[%clk 00:24:19]} {[%emt 00:01:37]} 21. Qd2 {[%clk 00:41:14]} {[%emt
00:01:00]} Qxa4 {[%clk 00:23:01]} {[%emt 00:01:23]} 22. Bxb6 {[%clk 00:40:12]}
{[%emt 00:01:07]} axb6 {[%clk 00:21:03]} {[%emt 00:02:03]} 23. Rb4 {[%clk
00:39:38]} {[%emt 00:00:38]} Qa8 {[%clk 00:20:01]} {[%emt 00:01:08]} 24. Qc3
{[%clk 00:39:01]} {[%emt 00:00:41]} Ng6 {[%clk 00:17:41]} {[%emt 00:02:26]} 25.
Qc4 {[%clk 00:37:40]} {[%emt 00:01:27]} Rd6 {[%clk 00:16:06]} {[%emt 00:01:39]}
26. Rb3 {[%emt 00:00:35]} Kd7 {[%clk 00:12:33]} {[%emt 00:03:36]} 27. Rc3
{[%clk 00:36:49]} {[%emt 00:00:28]} Qc8 {[%clk 00:12:27]} {[%emt 00:00:12]} 28.
Qb3 {[%clk 00:35:49]} {[%emt 00:01:03]} Nf4 {[%clk 00:11:49]} {[%emt 00:00:45]}
29. Rc4 {[%clk 00:35:30]} {[%emt 00:00:19]} g4 {[%clk 00:11:29]} {[%emt
00:00:29]} 30. Qc3 {[%clk 00:35:03]} {[%emt 00:00:32]} Ne2+ {[%clk 00:11:07]}
{[%emt 00:00:28]} 31. Kh1 {[%clk 00:31:22]} {[%emt 00:03:44]} Nxc3 {[%clk
00:10:56]} {[%emt 00:00:16]} 32. Re1 {[%clk 00:29:07]} {[%emt 00:02:21]} Nxa2
{[%clk 00:10:34]} {[%emt 00:00:27]} 33. Rb1 {[%clk 00:27:50]} {[%emt 00:01:23]}
Qf8 {[%clk 00:10:08]} {[%emt 00:00:30]} 34. Kg1 {[%clk 00:27:11]} {[%emt
00:00:43]} gxh3 {[%clk 00:09:49]} {[%emt 00:00:25]} 35. Rb2 {[%clk 00:26:13]}
{[%emt 00:01:03]} Qg7 {[%clk 00:09:38]} {[%emt 00:00:16]} 36. Kf1 {[%clk
00:25:51]} {[%emt 00:00:27]} Qxg2+ {[%clk 00:09:26]} {[%emt 00:00:17]} 37. Ke2
{[%clk 00:25:39]} {[%emt 00:00:16]} Rf8 {[%clk 00:09:14]} {[%emt 00:00:17]} 38.
Rxa2 {[%clk 00:24:46]} {[%emt 00:00:58]} Qxf2+ {[%emt 00:00:15]} 39. Kd1 {[%clk
00:24:27]} {[%emt 00:00:22]} h2 {[%clk 00:09:02]} {[%emt 00:00:11]} 40. Kc1
{[%clk 00:24:24]} {[%emt 00:00:07]} h1=Q+ {[%clk 00:07:10]} {[%emt 00:00:16]}
41. Kb2 {[%clk 00:24:21]} {[%emt 00:01:50]} Qfe1 {[%clk 00:06:54]} {[%emt
00:00:20]} 42. Ra3 {[%emt 00:01:33]} Qb1+ {[%clk 00:06:17]} 43. Kc3 {[%clk
00:23:13]} {[%emt 00:00:27]} Qhe1# {[%emt 00:01:03]} 1-0

[Event "DVM U10 2020"]
[Site "Magdeburg GER"]
[Date "2021.08.08"]
[Round "6"]
[White "Xue, Luka"]
[Black "Hellenbroich, Hanno"]
[Result "0-1"]
[Termination "normal"]
[Board "5.1"]
[WhiteElo "1496"]
[BlackElo "1287"]
[WhiteTeam "Düsseldorfer Schachverein 1854"]
[BlackTeam "Lübecker SV von 1873"]
[PlyCount "84"]
[WhiteFideId "16277252"]
[BlackFideId "16270762"]
[EventCountry "GER"]
[EventRounds "7"]
[EventType "team-swiss"]
[EventDate "2021.08.06"]

1. d4 Nf6 2. c4 g6 3. f3 Bg7 4. e4 d6 5. Nc3 O-O 6. Be3 Re8 7. Nge2 e5 8. Qd2
Nc6 9. d5 Nb8 10. g4 a5 11. h4 Na6 12. Ng3 c6 13. dxc6 bxc6 14. O-O-O d5 15.
cxd5 cxd5 16. Nxd5 Nxd5 17. Qxd5 Qc7+ 18. Qc4 Qb8 19. Qb5 Qc7+ 20. Qc4 Qb8 21.
Qc6 Bb7 22. Qd6 Qc8+ 23. Kb1 Nb4 24. Rc1 Nc6 25. Bb5 Rd8 26. Qc5 Bf8 27. Qc4
Rd6 28. Bc5 Rf6 29. Bxf8 Kxf8 30. Qc5+ Kg8 31. Bxc6 Bxc6 32. Qxe5 Re6 33. Qg5
Rb8 34. h5 Qb7 35. Rh2 Qc7 36. Qh4 Rc8 37. Rch1 Bb5 38. a3 Rc6 39. Ka2 Bc4+ 40.
b3 Bxb3+ 41. Kxb3 Rb8+ 42. Ka2 Rc2+ 0-1

[Event "DVM U10 2020"]
[Site "Magdeburg GER"]
[Date "2021.08.08"]
[Round "6"]
[White "Kutz, Ida Klara"]
[Black "Dell, Philip"]
[Result "0-1"]
[Termination "normal"]
[Board "5.2"]
[WhiteElo "1232"]
[BlackElo "1218"]
[WhiteTeam "Lübecker SV von 1873"]
[BlackTeam "Düsseldorfer Schachverein 1854"]
[PlyCount "80"]
[WhiteFideId "16296257"]
[BlackFideId "34619585"]
[EventCountry "GER"]
[EventRounds "7"]
[EventType "team-swiss"]
[EventDate "2021.08.06"]

{[%evp 0,80,20,-20,19,14,19,19,11,6,6,8,8,10,6,-3,-3,-18,58,-53,64,17,45,59,92,
-9,33,-38,-11,-54,-34,-28,-23,-68,-39,-87,-69,-85,-14,3,3,3,37,32,44,47,67,67,
89,86,86,-77,-80,-93,-20,-30,-5,-201,-201,-275,-93,-93,-82,-301,-289,-364,-389,
-405,-321,-319,-299,-299,-294,-483,-487,-564,-570,-570,-554,-574,-475,-501,
-475] normal} 1. c4 c5 2. Nc3 g6 3. Nf3 Bg7 4. g3 Nc6 5. Bg2 d6 6. O-O Bd7 7.
e3 Qc8 8. Re1 Bh3 9. Bh1 e5 10. Ng5 Be6 11. Nb5 Qd7 12. Nxe6 fxe6 13. Rb1 a6
14. Qa4 Nge7 15. Nc3 O-O 16. Qd1 Rf7 17. Rf1 Raf8 18. Bg2 Nb4 19. d3 d5 20. a3
Nbc6 21. Na4 dxc4 22. dxc4 Qxd1 23. Rxd1 Rxf2 24. Nxc5 Rc2 25. Bd2 Bh6 26. Ne4
Rxc4 27. Rbc1 Na5 28. Nd6 Rxc1 29. Bxc1 Rd8 30. Bf3 Nb3 31. Kf2 Nxc1 32. Rxc1
Rxd6 33. Ke2 Nf5 34. Rc8+ Kf7 35. Rc7+ Kf6 36. Rxb7 Bxe3 37. h4 Rd2+ 38. Ke1
Nd4 39. Be4 Nc2+ 40. Bxc2 Rxc2 0-1

[Event "DVM U10 2020"]
[Site "Magdeburg GER"]
[Date "2021.08.08"]
[Round "6"]
[White "Teng, David"]
[Black "Kutz, Paul Matti"]
[Result "0-1"]
[Termination "normal"]
[Board "5.3"]
[WhiteElo "1380"]
[BlackElo "1202"]
[WhiteTeam "Düsseldorfer Schachverein 1854"]
[BlackTeam "Lübecker SV von 1873"]
[PlyCount "83"]
[WhiteFideId "34604570"]
[BlackFideId "16296265"]
[EventCountry "GER"]
[EventRounds "7"]
[EventType "team-swiss"]
[EventDate "2021.08.06"]

{[%evp 0,78,16,28,47,22,36,24,46,46,42,8,133,-15,-11,-13,-11,-11,-11,-11,-11,
-23,-23,-7,0,-58,-26,-119,-113,-121,-116,-120,-95,-136,-34,-34,-28,-92,-75,-97,
-97,-122,-107,-133,-121,-133,-115,-120,-116,-114,-124,-122,-102,-98,-98,-115,
-100,-118,-86,-109,-56,-138,-109,-109,-88,-132,-126,-162,-153,-186,-135,-135,
-135,-135,-135,-1070,-1078,-1089,-1095,-1180,-1224] normal} 1. e4 e6 2. d4 d5
3. Nd2 c5 4. Ngf3 Nc6 5. c3 Qb6 6. Nb3 dxe4 7. dxc5 Bxc5 8. Nxc5 Qxc5 9. Be3
Qd5 10. Nd2 Nf6 11. Bc4 Qf5 12. Qe2 b6 13. Ba6 Bxa6 14. Qxa6 O-O 15. O-O Ng4
16. Qe2 Nxe3 17. Qxe3 Qb5 18. Nxe4 Qxb2 19. Rfb1 Qa3 20. Rb3 Qe7 21. Rd1 Rad8
22. Rbb1 Rxd1+ 23. Rxd1 Rd8 24. Rd2 h6 25. h3 Rxd2 26. Qxd2 Ne5 27. Qd4 Nc6 28.
Qd2 Qh4 29. Ng3 Qg5 30. Qc2 Qc5 31. Qd2 Qd5 32. Qc2 Ne5 33. Ne4 Nd3 34. Ng3 Ne1
35. Qe4 Qd1 36. Qa8+ Kh7 37. Qe4+ f5 38. Qxe1 Qxe1+ 39. Kh2 Qxf2 40. Nxf5 Qxf5
41. a4 e5 42. a5 0-1

[Event "DVM U10 2020"]
[Site "Magdeburg GER"]
[Date "2021.08.08"]
[Round "6"]
[White "Petridis, Ilias"]
[Black "Kovalskyy, Alicia"]
[Result "0-1"]
[Termination "normal"]
[Board "5.4"]
[WhiteElo "1169"]
[BlackElo "794"]
[WhiteTeam "Lübecker SV von 1873"]
[BlackTeam "Düsseldorfer Schachverein 1854"]
[PlyCount "112"]
[WhiteFideId "34617515"]
[BlackFideId "34612130"]
[EventCountry "GER"]
[EventRounds "7"]
[EventType "team-swiss"]
[EventDate "2021.08.06"]

{[%evp 0,80,29,31,16,-7,-7,-7,4,-21,-20,-16,22,-4,-20,-92,-77,-83,-80,-76,-53,
-52,-54,-104,-59,-96,-24,-47,-44,-43,-8,-5,-12,-101,-89,-89,-64,-102,-36,-244,
-280,-257,-248,-243,-244,-244,-227,-237,-227,-262,-250,-258,-238,-250,-228,
-294,-300,-300,-295,-336,-383,-394,-383,-374,-364,-365,-394,-513,-502,-1063,
-1233,-1203,-1762,-1819,-1219,-1687,-992,-1761,-922,-1734,-1767,-1820,-1915]
normal} 1. d4 d5 2. c4 e6 3. e3 Nf6 4. Nd2 Be7 5. Ngf3 Nbd7 6. Nb3 b6 7. g3 Bb7
8. cxd5 Bxd5 9. Bg2 c5 10. O-O O-O 11. Re1 Qc7 12. Bd2 Qc6 13. Bc3 Ne4 14. Nbd2
Ndf6 15. Ne5 Qb7 16. Nef3 Nxd2 17. Bxd2 Ne4 18. Bc3 Ng5 19. Nh4 Bxg2 20. Nxg2
Nf3+ 21. Kh1 Nxe1 22. Qxe1 Rfd8 23. Kg1 Qe4 24. Qf1 Rac8 25. Re1 Qc6 26. Rc1
Qa4 27. a3 cxd4 28. exd4 Bf6 29. d5 Bxc3 30. bxc3 Rxd5 31. Ne3 Rdc5 32. c4 b5
33. Nd1 Rxc4 34. Nb2 Rxc1 35. Nxa4 Rxf1+ 36. Kxf1 bxa4 37. Ke2 Kf8 38. Ke3 Ke7
39. Kf4 Rc3 40. g4 Rxa3 41. Ke5 Rd3 42. g5 f6+ 43. gxf6+ gxf6+ 44. Kf4 a3 45.
h3 a2 46. Ke4 Rd7 47. f4 a1=Q 48. f5 Qe1+ 49. Kf4 Kf7 50. fxe6+ Kxe6 51. h4
Rd4+ 52. Kf3 Qxh4 53. Ke2 Ra4 54. Kf3 Qh3+ 55. Kf2 Ra2+ 56. Kg1 Qg2# 0-1

[Event "DVM U10 2020"]
[Site "Magdeburg GER"]
[Date "2021.08.08"]
[Round "6"]
[White "Blumenthal Tuset, Sebastian"]
[Black "Malinowsky, Levi"]
[Result "0-1"]
[Termination "normal"]
[Board "6.1"]
[WhiteElo "1187"]
[BlackElo "1593"]
[WhiteTeam "SK Gräfelfing"]
[BlackTeam "SK Doppelbauer Kiel"]
[PlyCount "96"]
[WhiteFideId "34604286"]
[BlackFideId "16253094"]
[EventCountry "GER"]
[EventRounds "7"]
[EventType "team-swiss"]
[EventDate "2021.08.06"]

{[%evp 0,96,29,15,75,71,71,42,36,44,95,67,91,67,86,10,101,64,65,24,9,-6,50,38,
40,16,15,-20,21,-51,-20,-22,-18,-6,3,15,-5,-5,6,-71,-71,-603,-603,-603,-625,
-625,-594,-595,-595,-669,-676,-903,-876,-903,-903,-887,-893,-1561,-1685,-29977,
-29978,-29985,-29986,-29987,-1483,-1462,-1482,-1921,-2039,-1935,-1476,-2282,
-1574,-29985,-29986,-29987,-29986,-29987,-29980,-29981,-29984,-29985,-29982,
-29983,-29984,-29987,-29988,-29989,-29990,-29991,-29992,-29993,-29994,-29995,
-29996,-29997,-29998,-29999,-30000] normal} 1. e4 c5 2. Nf3 e6 3. d4 cxd4 4.
Nxd4 a6 5. Be3 Qc7 6. a3 Nf6 7. f3 b5 8. g4 h6 9. Nd2 d5 10. Bd3 dxe4 11. Nxe4
Nd5 12. Qe2 Be7 13. h4 Bb7 14. Bf2 Nd7 15. Bg3 Qb6 16. c3 Nc5 17. Nxc5 Bxc5 18.
Qe5 Nf6 19. Rf1 Rd8 20. Rd1 Bd6 21. Qe2 Bxg3+ 22. Kd2 Bf4+ 23. Kc2 Nd5 24. Nf5
O-O 25. Nxh6+ gxh6 26. Kb1 Ne3 27. Rg1 Nxd1 28. Qxd1 Rxd3 29. Qxd3 Qxg1+ 30.
Ka2 Bd5+ 31. b3 Qe3 32. Qxe3 Bxe3 33. g5 hxg5 34. hxg5 Bxg5 35. f4 Bxf4 36. c4
bxc4 37. bxc4 Bxc4+ 38. Kb2 Bb3 39. Kxb3 Rc8 40. a4 Bb8 41. Kb4 e5 42. a5 e4
43. Kb3 e3 44. Kb2 e2 45. Kb3 e1=Q 46. Kb2 Qb4+ 47. Ka2 Rc2+ 48. Ka1 Qb2# 0-1

[Event "DVM U10 2020"]
[Site "Magdeburg GER"]
[Date "2021.08.08"]
[Round "6"]
[White "Farokhi, Darian"]
[Black "Barsov, Vladislav"]
[Result "1-0"]
[Termination "normal"]
[Board "6.2"]
[WhiteElo "1182"]
[BlackElo "1083"]
[WhiteTeam "SK Doppelbauer Kiel"]
[BlackTeam "SK Gräfelfing"]
[PlyCount "83"]
[WhiteFideId "16253108"]
[BlackFideId "34613757"]
[EventCountry "GER"]
[EventRounds "7"]
[EventType "team-swiss"]
[EventDate "2021.08.06"]

{[%evp 0,83,14,40,44,8,54,49,70,64,62,70,90,85,156,63,47,60,38,-23,-10,-10,68,
38,51,65,64,50,50,53,96,51,64,51,51,46,74,74,131,99,134,134,114,132,129,129,
129,133,147,146,198,206,499,487,525,527,588,588,650,663,663,663,663,670,935,
975,1119,1092,1494,1494,1656,1710,29987,29986,29987,29988,1655,1218,29993,
29994,29995,29996,29997,29998,29999,-30000] normal} 1. e4 d5 2. exd5 Qxd5 3.
Nc3 Qd6 4. Nf3 Nf6 5. Bc4 g6 6. d3 Bg7 7. h3 O-O 8. O-O a6 9. Ne4 Nxe4 10. dxe4
Qxd1 11. Rxd1 b5 12. Bd5 c6 13. Bb3 Nd7 14. c3 Rd8 15. Be3 Bb7 16. Ng5 Ne5 17.
Bc5 Bf6 18. f4 a5 19. h4 Bxg5 20. hxg5 a4 21. fxe5 axb3 22. axb3 Rxa1 23. Rxa1
e6 24. Ra7 Bc8 25. Rc7 Bd7 26. Be7 Ra8 27. Rxd7 Ra1+ 28. Kf2 Ra8 29. Rd8+ Rxd8
30. Bxd8 Kf8 31. Ke3 Ke8 32. Bb6 Kd7 33. Kd4 b4 34. cxb4 Kc8 35. Kc5 Kb7 36. b5
cxb5 37. Kxb5 Kb8 38. Ka6 Ka8 39. Ba7 h6 40. gxh6 f6 41. h7 f5 42. h8=R# 1-0

[Event "DVM U10 2020"]
[Site "Magdeburg GER"]
[Date "2021.08.08"]
[Round "6"]
[White "Yaroshenko, Vladimir"]
[Black "Rempe, Lennik"]
[Result "0-1"]
[Termination "normal"]
[Board "6.3"]
[WhiteElo "1097"]
[BlackElo "1086"]
[WhiteTeam "SK Gräfelfing"]
[BlackTeam "SK Doppelbauer Kiel"]
[PlyCount "70"]
[WhiteFideId "34695699"]
[BlackFideId "16248031"]
[EventCountry "GER"]
[EventRounds "7"]
[EventType "team-swiss"]
[EventDate "2021.08.06"]

{[%evp 0,70,16,16,23,31,33,4,9,9,30,18,19,19,16,-13,0,-1,-8,-44,-15,-61,-12,
-96,-40,-58,8,-45,-12,-22,-19,-61,-19,-116,-55,-61,-10,-98,-74,-80,-62,-106,
-20,-1,381,-9,387,-56,318,-14,508,-2,29997,226,29997,213,29995,-50,29993,435,
29995,-29997,29995,-235,29995,-180,29997,0,402,402,29993,-29999,-30000] normal
} 1. e4 e5 2. Nf3 Nc6 3. Bc4 Nf6 4. d3 Be7 5. Nc3 O-O 6. Be3 d6 7. Qd2 Na5 8.
Bb3 Nxb3 9. cxb3 Ng4 10. O-O-O a5 11. a4 Bd7 12. h3 Nf6 13. g4 c6 14. g5 Nh5
15. Rhg1 b5 16. Qe2 bxa4 17. bxa4 c5 18. Nh4 Nf4 19. Bxf4 exf4 20. Nf5 Rb8 21.
h4 Qb6 22. h5 Be6 23. g6 fxg6 24. hxg6 hxg6 25. Rxg6 Bf7 26. Rg2 Bh5 27. Rdg1
Bf6 28. f3 Bxf3 29. Qxf3 Bxc3 30. bxc3 Rb7 31. Kd2 Qb3 32. Qh5 Rbf7 33. Qg5
Qa2+ 34. Ke1 f3 35. Rg3 Qe2# 0-1

[Event "DVM U10 2020"]
[Site "Magdeburg GER"]
[Date "2021.08.08"]
[Round "6"]
[White "Charchulla, Moritz"]
[Black "Barsov, Mikhail"]
[Result "1-0"]
[Termination "normal"]
[Board "6.4"]
[WhiteElo "934"]
[BlackElo "858"]
[WhiteTeam "SK Doppelbauer Kiel"]
[BlackTeam "SK Gräfelfing"]
[PlyCount "79"]
[WhiteFideId "34607579"]
[BlackFideId "34623906"]
[EventCountry "GER"]
[EventRounds "7"]
[EventType "team-swiss"]
[EventDate "2021.08.06"]

{[%evp 0,79,18,29,31,42,66,48,72,72,55,52,89,55,182,85,87,47,68,44,40,60,88,63,
94,60,106,87,81,70,72,43,38,9,44,31,172,172,172,95,499,420,615,680,1585,1511,
1585,1821,1915,1507,1541,1541,29991,2458,29987,29988,29989,29990,29991,29992,
29993,29992,29993,29992,29993,29992,29993,29986,29987,29988,29989,29990,29991,
29992,29993,29994,29995,29996,29997,29998,29999,-30000] normal} 1. e4 d5 2.
exd5 Qxd5 3. Nc3 Qd6 4. Nf3 Nf6 5. Bc4 h6 6. d3 g6 7. Be3 a6 8. Nd2 Bg7 9. Nde4
Nxe4 10. Nxe4 Qd8 11. c3 b5 12. Bb3 O-O 13. O-O Bb7 14. Qc1 Kh7 15. f4 Nd7 16.
Rf3 Rc8 17. Rh3 h5 18. Ng5+ Kg8 19. f5 e6 20. fxg6 Qf6 21. gxf7+ Kh8 22. Rxh5+
Bh6 23. Nxe6 Rxf7 24. Rxh6+ Qxh6 25. Bxh6 Rf6 26. Bg7+ Kg8 27. Bxf6 Nxf6 28.
Qg5+ Kf7 29. Qg7+ Ke8 30. Qxf6 c5 31. Re1 Kd7 32. Nf8+ Kc7 33. Qe7+ Kb8 34.
Nd7+ Ka8 35. Nb6+ Kb8 36. Nxc8 Bxc8 37. Qd8 Kb7 38. Re7+ Kb8 39. Qc7+ Ka8 40.
Qxc8# 1-0

[Event "DVM U10 2020"]
[Site "Magdeburg GER"]
[Date "2021.08.08"]
[Round "6"]
[White "Pimenov, Danil"]
[Black "Mehner, Clara"]
[Result "1-0"]
[Termination "normal"]
[Board "7.1"]
[WhiteElo "1227"]
[BlackElo "1183"]
[WhiteTeam "SC Borussia Lichtenberg"]
[BlackTeam "USG Chemnitz"]
[PlyCount "95"]
[WhiteFideId "34600248"]
[BlackFideId "34612165"]
[EventCountry "GER"]
[EventRounds "7"]
[EventType "team-swiss"]
[EventDate "2021.08.06"]

{[%evp 0,71,34,25,27,27,39,-16,26,26,21,9,5,-22,-4,0,22,-16,-13,0,39,34,48,39,
36,-21,15,-37,12,-1,37,-30,-1,47,55,6,6,11,72,24,319,351,339,323,351,358,343,
357,424,398,482,483,496,496,455,464,521,512,512,495,625,430,469,534,534,664,
788,926,1160,1352,1287,1529,1437,1616] normal} 1. d4 d5 2. Nf3 Nf6 3. c4 c6 4.
e3 Bf5 5. Nc3 e6 6. Be2 Nbd7 7. O-O Be7 8. h3 O-O 9. Nh4 Bg6 10. Nxg6 fxg6 11.
cxd5 cxd5 12. Bg4 Qb6 13. Qb3 Qc6 14. Bf3 Rac8 15. Re1 Nb6 16. e4 Rfe8 17. e5
Nfd7 18. Be3 h6 19. Rac1 Nf8 20. Nxd5 Qd7 21. Nxb6 axb6 22. Qxb6 Rb8 23. Red1
Kh7 24. d5 Red8 25. d6 Bg5 26. Bxg5 hxg5 27. Rc7 Qe8 28. Rxb7 Nd7 29. Qe3 Kg8
30. Rxb8 Rxb8 31. Qxg5 Rxb2 32. Qe7 Rb8 33. Bc6 Rd8 34. Qxe8+ Rxe8 35. Bxd7 Rd8
36. Bxe6+ Kf8 37. Rc1 g5 38. Rc8 Rxc8 39. Bxc8 Ke8 40. d7+ Kd8 41. Kf1 Kc7 42.
e6 Kd8 43. Ke2 Ke7 44. Ke3 Kd8 45. Kd4 Ke7 46. Kd5 Kd8 47. Kd6 g6 48. e7# 1-0